000 00435nam a2200193 a 4500
001 1755773430020
003 ACL
005 20250821162445.0
008 250821s2006##################000#0#eng##
020 _a9780132238441
082 0 4 _a741.672
_bNAN
100 1 _aRiegelman, Nancy,
_eauthor.
245 1 0 _a9 Heads :
260 _c2006.
300 _a506 pages
650 0 _aDesign.
942 _cENGLISH
040 _aACL
_beng
_cACL
999 _c583383
_d583383